000 00486nam a22001577a 4500
003 OSt
005 20151206150159.0
008 151206b xxu||||| |||| 00| 0 eng d
040 _cRUA
082 _aATM ហេង​ 1990 B188 Or.1
100 _94413
_aហេង​ក្រា
245 _aការប្រើប្រាស់ត្រាក់ទ័រដោយសន្សំសំចៃ
260 _aPhnom Penh
_bRUA
_c1990
300 _a91p.
_bill.
_c29cm.
942 _2ddc
_cATM
999 _c4114
_d4114